Countries without Snakes - Sudden Death - Statistics

General Stats
  • This quiz has been taken 72 times
  • The average score is 5 of 9
Answers on the Grid
Answers color-coded by a green-red scale on the quiz's grid according to % correct below.
Cape Verde
Iceland
Ireland
Vatican City
Kiribati
Marshall Islands
Nauru
Tuvalu
New Zealand
Solomon Islands
Sri Lanka
Taiwan
Mauritius
Jamaica
 
Answer Stats
Answer % Correct
Iceland
86%
Ireland
81%
Vatican City
75%
New Zealand
51%
Marshall Islands
47%
Nauru
46%
Tuvalu
46%
Kiribati
44%
Cape Verde
30%
No matching quizzes found
Score Distribution
Percent of People with Each Score
Percentile by Number Answered
Your Score History
You have not taken this quiz